000 00828cam a22002655a 4500
001 014765561
003 OSt
005 20160524131000.0
008 080919s2009 maua frb 001 0 eng d
020 _a9780444532428
020 _a0444532420
040 _aStDuBDS
_beng
_cStDuBDS
_dUk
_dEG-ScBUE
082 0 4 _222
_a615.19
_bDEV
245 0 0 _aDeveloping solid oral dosage forms :
_bpharmaceutical theory and practice /
_cedited by Yihong Qiu ... [et al.]
250 _a1st ed.
260 _aBurlington :
_bAcademic Press / Elsevier,
_c2009.
300 _axxx, 943 p. :
_bill. ;
_c29 cm.
500 _aIndex : p. [943]-943.
504 _aIncludes bibliographical references.
650 7 _aSolid dosage forms.
_2BUEsh
_940076
651 _2BUEsh
653 _bPPhrm
_cMay2016
700 1 _aQiu, Yihong,
_eeditor.
942 _2ddc
999 _c21806
_d21778